<?xml version="1.0" encoding="UTF-8"?>
<marc:record xmlns:marc="http://www.loc.gov/MARC21/slim">
   <marc:leader>00000nam a2200000 a 4500</marc:leader>
   <marc:datafield ind1="1" ind2=" " tag="100">
      <marc:subfield code="a">Pitscheider, Sabine</marc:subfield>
      <marc:subfield code="4">aut</marc:subfield>
      <marc:subfield code="e">Verfasser/-in</marc:subfield>
   </marc:datafield>
   <marc:datafield ind1=" " ind2=" " tag="653">
      <marc:subfield code="a">Softcover / Sachbücher/Geschichte/Zeitgeschichte (1945 bis 1989)</marc:subfield>
   </marc:datafield>
   <marc:datafield ind1=" " ind2=" " tag="653">
      <marc:subfield code="a">1930er</marc:subfield>
   </marc:datafield>
   <marc:datafield ind1=" " ind2=" " tag="653">
      <marc:subfield code="a">Stadtgeschichte</marc:subfield>
   </marc:datafield>
   <marc:datafield ind1=" " ind2=" " tag="653">
      <marc:subfield code="a">NS-Zeit</marc:subfield>
   </marc:datafield>
   <marc:datafield ind1=" " ind2=" " tag="653">
      <marc:subfield code="a">NS</marc:subfield>
   </marc:datafield>
   <marc:datafield ind1=" " ind2=" " tag="653">
      <marc:subfield code="a">Adolf Hitler</marc:subfield>
   </marc:datafield>
   <marc:datafield ind1=" " ind2=" " tag="653">
      <marc:subfield code="a">Regionalgeschichte</marc:subfield>
   </marc:datafield>
   <marc:datafield ind1=" " ind2=" " tag="653">
      <marc:subfield code="a">Anschluss in den Bezirken Tirols</marc:subfield>
   </marc:datafield>
   <marc:datafield ind1=" " ind2=" " tag="653">
      <marc:subfield code="a">Entnazifizierung</marc:subfield>
   </marc:datafield>
   <marc:datafield ind1=" " ind2=" " tag="653">
      <marc:subfield code="a">Faschismus</marc:subfield>
   </marc:datafield>
   <marc:datafield ind1=" " ind2=" " tag="653">
      <marc:subfield code="a">Tirolensien</marc:subfield>
   </marc:datafield>
   <marc:datafield ind1=" " ind2=" " tag="653">
      <marc:subfield code="a">Nationalsozialisten</marc:subfield>
   </marc:datafield>
   <marc:datafield ind1=" " ind2=" " tag="653">
      <marc:subfield code="a">NSDAP</marc:subfield>
   </marc:datafield>
   <marc:datafield ind1=" " ind2=" " tag="653">
      <marc:subfield code="a">Heimatwehr</marc:subfield>
   </marc:datafield>
   <marc:datafield ind1=" " ind2=" " tag="653">
      <marc:subfield code="a">Ständestaat</marc:subfield>
   </marc:datafield>
   <marc:datafield ind1=" " ind2=" " tag="653">
      <marc:subfield code="a">Wirtschaftsgeschichte</marc:subfield>
   </marc:datafield>
   <marc:datafield ind1=" " ind2=" " tag="653">
      <marc:subfield code="a">Wiederaufbau</marc:subfield>
   </marc:datafield>
   <marc:datafield ind1=" " ind2=" " tag="653">
      <marc:subfield code="a">Geschichtsaufarbeitung</marc:subfield>
   </marc:datafield>
   <marc:datafield ind1=" " ind2=" " tag="653">
      <marc:subfield code="a">Weltwirtschaftskrise</marc:subfield>
   </marc:datafield>
   <marc:datafield ind1="0" ind2="0" tag="245">
      <marc:subfield code="a">„Wahre Volksgemeinschaft“</marc:subfield>
   </marc:datafield>
   <marc:datafield ind1="0" ind2="0" tag="245">
      <marc:subfield code="b">Nationalsozialismus in Imst</marc:subfield>
   </marc:datafield>
   <marc:datafield ind1="0" ind2="0" tag="245">
      <marc:subfield code="c">Sabine Pitscheider</marc:subfield>
   </marc:datafield>
   <marc:datafield ind1=" " ind2="1" tag="264">
      <marc:subfield code="a">Innsbruck</marc:subfield>
      <marc:subfield code="b">Studien Verlag</marc:subfield>
      <marc:subfield code="c">2026</marc:subfield>
   </marc:datafield>
   <marc:datafield ind1="1" ind2=" " tag="490">
      <marc:subfield code="a">Studien zu Geschichte und Politik</marc:subfield>
      <marc:subfield code="v">34</marc:subfield>
   </marc:datafield>
   <marc:datafield ind1=" " ind2=" " tag="250">
      <marc:subfield code="a">1. Auflage</marc:subfield>
   </marc:datafield>
   <marc:datafield ind1="1" ind2=" " tag="520">
      <marc:subfield code="a">In den 1930er Jahren lebte die Bevölkerung von Imst von der Landwirtschaft, arbeitete in der Textilindustrie oder in Gewerbebetrieben, politisch wählte sie konservativ-rechte Parteien. In der Weltwirtschaftskrise verarmte die Gemeinde, Schulden, Arbeits- und Hoffnungslosigkeit stiegen. Im Herbst 1931 entstand in Imst eine Ortsgruppe der NSDAP, der bald honorige Bürger der Stadt beitraten, der Stadtarzt, der Apotheker und Kaufleute. Auf ihr Drängen ernannte der Imster Gemeinderat im März 1933 den deutschen Reichskanzler Adolf Hitler zum Ehrenbürger der Stadt. Es folgten (wieder einmal) gewalttätige Auseinandersetzungen zwischen Nationalsozialisten und der Heimatwehr, die Imst in den Ausnahmezustand versetzten. Auch nach dem Verbot aller NS-Organisationen und der Errichtung des Ständestaates kam Imst nicht zur Ruhe. Bis zum „Anschluss“ agierte die NSDAP im Untergrund, fanatische Imster saßen monatelang in Anhaltelagern oder flohen ins Deutsche Reich. Die Mehrheit der Bevölkerung feierte begeistert den „Anschluss“ im März 1938, während einige wenige unter der Gewalt und dem Fanatismus der Sieger litten. Ende April 1938 entlud sich der Hass in der brutalen Misshandlung von „Systemgegnern“. Das NS-Regime errichtete ein System von Überwachung und Kontrolle aller Lebensbereiche. In den Kriegsjahren profitierte die Imster Wirtschaft von der Ausbeutung von Kriegsgefangenen und ZwangsarbeiterInnen. Nach der Befreiung zog sich der Wiederaufbau über Jahre, Kriegsverbrecherprozesse gegen Imster waren monatelang Stadtgespräch. Die NS-Zeit und die Verstrickungen mit dem Nationalsozialismus hinterließen keine sichtbaren Spuren, immer wieder aufflammende Diskussionen verdeutlichen jedoch den problematischen Umgang mit der Erinnerung daran.
</marc:subfield>
   </marc:datafield>
   <marc:datafield ind1=" " ind2=" " tag="020">
      <marc:subfield code="a">9783706564908</marc:subfield>
      <marc:subfield code="9">9783706564908</marc:subfield>
   </marc:datafield>
   <marc:datafield ind1=" " ind2=" " tag="020">
      <marc:subfield code="a">3706564904</marc:subfield>
      <marc:subfield code="9">3706564904</marc:subfield>
   </marc:datafield>
   <marc:datafield ind1=" " ind2=" " tag="041">
      <marc:subfield code="a">ger</marc:subfield>
   </marc:datafield>
   <marc:datafield ind1=" " ind2=" " tag="300">
      <marc:subfield code="a">832 Seiten</marc:subfield>
   </marc:datafield>
</marc:record>
